[Event "Berlin-ch Seniors op 33rd"]
[Site "Berlin"]
[Date "2017.02.07"]
[Round "7"]
[White "Mackowiak, Manfred"]
[Black "Timm, Christian"]
[Result "1-0"]
[WhiteElo "1416"]
[BlackElo "1618"]
[PlyCount "91"]
[EventDate "2017.01.31"]
[EventType "swiss"]
[EventRounds "9"]
[EventCountry "GER"]
[SourceTitle "EXT 2019"]
[Source "ChessBase"]
[SourceDate "2018.10.10"]
[SourceVersion "1"]
[SourceVersionDate "2018.10.10"]
[SourceQuality "1"]

1. c4 e6 2. e4 c5 3. Nc3 a6 4. g3 d6 5. Bg2 Be7 6. Nge2 Nf6 7. d3 Nbd7 8. f4 Rb8 9. a4 0-0 10. 0-0 Re8 11. b3 h6 12. Bd2 Nf8 13. Kh1 Ng6 14. Qc2 h5 15. Bf3 Qd7 16. Ng1 Kh7 17. Qd1 Rh8 18. Bxh5 Nxh5 19. Qxh5+ Kg8 20. Qe2 b6 21. Rf2 Bb7 22. Nf3 f6 23. Kg2 Re8 24. Rh1 f5 25. Kf1 fxe4 26. dxe4 Kf7 27. h4 d5 28. exd5 exd5 29. cxd5 Bxh4 30. Qd3 Bf6 31. Rxh8 Rxh8 32. Ne4 Rh1+ 33. Ke2 Bxd5 34. Nxf6 gxf6 35. f5 Ne7 36. g4 Rh3 37. Ne5+ fxe5 38. Qxh3 c4 39. Qh7+ Ke8 40. Qh8+ Kf7 41. Rh2 Bf3+ 42. Kxf3 Qd3+ 43. Be3 e4+ 44. Kf4 Nd5+ 45. Ke5 Qc3+ 46. Bd4 1-0

[Event "Berlin-ch Seniors op 33rd"]
[Site "Berlin"]
[Date "2017.02.01"]
[Round "2"]
[White "Mackowiak, Manfred"]
[Black "Kasper, Peter"]
[Result "0-1"]
[WhiteElo "1416"]
[BlackElo "1728"]
[PlyCount "104"]
[EventDate "2017.01.31"]
[EventType "swiss"]
[EventRounds "9"]
[EventCountry "GER"]
[SourceTitle "EXT 2019"]
[Source "ChessBase"]
[SourceDate "2018.10.10"]
[SourceVersion "1"]
[SourceVersionDate "2018.10.10"]
[SourceQuality "1"]

1. c4 e6 2. Nc3 Nf6 3. e4 d6 4. g3 Nbd7 5. Bg2 a6 6. Nge2 Rb8 7. a4 c5 8. d3 Be7 9. 0-0 0-0 10. Bd2 Ne8 11. f4 b6 12. b3 Bb7 13. h3 f5 14. Kh2 Bf6 15. Rb1 h5 16. exf5 Bxg2 17. Kxg2 exf5 18. Nd5 g6 19. Ng1 Bg7 20. Nf3 Nc7 21. Ng5 Re8 22. Re1 Nxd5 23. cxd5 Nf8 24. Qf3 Qd7 25. Rxe8 Rxe8 26. Re1 Rxe1 27. Bxe1 Qe7 28. Kf1 Qf6 29. Qe2 Qa1 30. Qe7 Qf6 31. Qe8 Qd4 32. Qf7+ Kh8 33. Qe8 Qxd3+ 34. Kg2 Qxd5+ 35. Nf3 Qxb3 36. Qc6 d5 37. Qd6 d4 38. g4 hxg4 39. hxg4 Qe6 40. Qb8 fxg4 41. Ne5 Kh7 42. Bh4 Nd7 43. Qd8 Nxe5 44. fxe5 Qxe5 45. Bf2 Qe4+ 46. Kg1 d3 47. Qh4+ Bh6 48. Qh2 Qf4 49. Qh4 Qg5 50. Qg3 Qf4 51. Qh4 g5 52. Qh5 d2 0-1

[Event "Berlin-ch Seniors op 32nd"]
[Site "Berlin"]
[Date "2016.02.04"]
[Round "9"]
[White "Mackowiak, Manfred"]
[Black "Gnass, Erhard"]
[Result "1/2-1/2"]
[WhiteElo "1409"]
[BlackElo "1539"]
[PlyCount "84"]
[EventDate "2016.01.26"]
[EventType "swiss"]
[EventRounds "9"]
[EventCountry "GER"]
[SourceTitle "EXT 2019"]
[Source "ChessBase"]
[SourceDate "2018.10.10"]
[SourceVersion "1"]
[SourceVersionDate "2018.10.10"]
[SourceQuality "1"]

1. c4 e5 2. e4 Nf6 3. d3 b6 4. g3 Be7 5. Nf3 d6 6. Bg2 0-0 7. 0-0 c5 8. Nc3 Nc6 9. a3 Bg4 10. Be3 Qd7 11. Qc2 Bh3 12. Kh1 Bxg2+ 13. Kxg2 Nd4 14. Bxd4 exd4 15. Nd5 Nxd5 16. cxd5 Bf6 17. b3 a5 18. a4 Qg4 19. Rae1 Rfe8 20. Re2 Re7 21. Rfe1 Rae8 22. Qc4 Qd7 23. Qb5 Qxb5 24. axb5 g6 25. Nd2 Rb7 26. Nc4 Rd8 27. f4 Bg7 28. Rf1 f6 29. g4 Bf8 30. Rf3 Ra8 31. Ra2 Re8 32. f5 g5 33. Kg3 Reb8 34. h4 h6 35. hxg5 hxg5 36. Kg2 Rh7 37. Rh3 Kg7 38. Kg3 Rxh3+ 39. Kxh3 Be7 40. Rh2 Rb7 41. Kg3 Rb8 42. Rh5 Rb7 1/2-1/2

[Event "Berlin-ch Seniors op 32nd"]
[Site "Berlin"]
[Date "2016.02.01"]
[Round "6"]
[White "Mackowiak, Manfred"]
[Black "Weber, Viktor"]
[Result "0-1"]
[WhiteElo "1409"]
[BlackElo "1615"]
[PlyCount "60"]
[EventDate "2016.01.26"]
[EventType "swiss"]
[EventRounds "9"]
[EventCountry "GER"]
[SourceTitle "EXT 2019"]
[Source "ChessBase"]
[SourceDate "2018.10.10"]
[SourceVersion "1"]
[SourceVersionDate "2018.10.10"]
[SourceQuality "1"]

1. c4 Nf6 2. Nc3 e6 3. e4 e5 4. a3 Nc6 5. d3 h6 6. h3 Bc5 7. Nf3 a6 8. b4 Ba7 9. b5 Nd4 10. Nxe5 d6 11. Nf3 Bd7 12. bxa6 bxa6 13. Be3 c5 14. Bxd4 cxd4 15. Ne2 Qa5+ 16. Qd2 Qc7 17. Nexd4 Bb6 18. Ke2 Qa7 19. Qe3 0-0 20. g3 Rab8 21. Bg2 Ba4 22. Rhb1 Nd7 23. Rb4 Ne5 24. Rxa4 Nxf3 25. Qxf3 Bxd4 26. Rd1 Qb6 27. Rb4 Qa5 28. Kf1 Qxa3 29. Rxb8 Rxb8 30. Kg1 Rb2 0-1

[Event "Berlin-ch Seniors op 32nd"]
[Site "Berlin"]
[Date "2016.01.30"]
[Round "5"]
[White "Klevenow, Ursula"]
[Black "Mackowiak, Manfred"]
[Result "1-0"]
[WhiteElo "1632"]
[BlackElo "1409"]
[PlyCount "61"]
[EventDate "2016.01.26"]
[EventType "swiss"]
[EventRounds "9"]
[EventCountry "GER"]
[SourceTitle "EXT 2019"]
[Source "ChessBase"]
[SourceDate "2018.10.10"]
[SourceVersion "1"]
[SourceVersionDate "2018.10.10"]
[SourceQuality "1"]

1. d4 d5 2. Nf3 Nc6 3. c4 dxc4 4. Nc3 e6 5. e4 Bb4 6. Bxc4 Bxc3+ 7. bxc3 Nge7 8. 0-0 0-0 9. Be3 h6 10. Bd3 Re8 11. c4 f6 12. Rc1 b6 13. Bb1 Bb7 14. d5 exd5 15. exd5 Na5 16. Qc2 Kf7 17. Nh4 Rg8 18. Nf5 Nxf5 19. Qxf5 Bc8 20. Qg6+ Kf8 21. Bd2 c5 22. Bxa5 bxa5 23. Qg3 Bb7 24. Bf5 Bc8 25. Bb1 Bb7 26. Rfe1 Qd7 27. Re6 Re8 28. Rce1 Rxe6 29. Rxe6 Bc8 30. Bg6 a6 31. Qd6+ 1-0

[Event "Berlin-ch Seniors op 31st"]
[Site "Berlin"]
[Date "2015.02.04"]
[Round "6"]
[White "Mackowiak, Manfred"]
[Black "Rabe, Karl Heinz"]
[Result "1-0"]
[WhiteElo "1392"]
[BlackElo "1100"]
[PlyCount "113"]
[EventDate "2015.01.29"]
[EventType "swiss"]
[EventRounds "9"]
[EventCountry "GER"]
[SourceTitle "EXT 2018"]
[Source "ChessBase"]
[SourceDate "2017.10.13"]
[SourceVersion "1"]
[SourceVersionDate "2017.10.13"]
[SourceQuality "1"]

1. c4 f5 2. f4 e6 3. Nf3 Nc6 4. g3 Be7 5. Bg2 Bf6 6. 0-0 Qe7 7. d3 d6 8. a3 Bd7 9. Ra2 d5 10. cxd5 exd5 11. Re1 0-0-0 12. Qc2 Be6 13. Be3 d4 14. Nxd4 Nxd4 15. Qa4 Bxa2 16. Qxa7 Qxe3+ 17. Kf1 Bd5 18. Bxd5 Rxd5 19. Qa8+ Kd7 20. Qxb7 Qe7 21. Qxd5+ Kc8 22. Nc3 Qe8 23. e3 Nc6 24. Qxf5+ Kb8 25. Qb5+ Kc8 26. Nd5 Bd8 27. Nb4 Nge7 28. Na6 Kd7 29. Nc5+ Kd6 30. Ne4+ Kd7 31. d4 Qf7 32. Rd1 Qd5 33. Nc5+ Ke8 34. e4 Qh5 35. Qe2 Qxe2+ 36. Kxe2 Na5 37. b4 Nac6 38. d5 Nb8 39. e5 Nc8 40. a4 Be7 41. Ne6 Rg8 42. Nxc7+ Kd7 43. Nb5 Bxb4 44. Rc1 Na6 45. Rc6 Nc5 46. a5 Re8 47. Rc7+ Kd8 48. Rxg7 Nb7 49. Rxb7 Bxa5 50. d6 Re6 51. Rxh7 Bb4 52. Rh8+ Kd7 53. Kf3 Bxd6 54. exd6 Nxd6 55. Nxd6 Rxd6 56. g4 Kc6 57. g5 1-0

[Event "Berlin-ch Seniors op 31st"]
[Site "Berlin"]
[Date "2015.02.03"]
[Round "5"]
[White "Thur, Herbert"]
[Black "Mackowiak, Manfred"]
[Result "1-0"]
[WhiteElo "1217"]
[BlackElo "1392"]
[PlyCount "105"]
[EventDate "2015.01.29"]
[EventType "swiss"]
[EventRounds "9"]
[EventCountry "GER"]
[SourceTitle "EXT 2018"]
[Source "ChessBase"]
[SourceDate "2017.10.13"]
[SourceVersion "1"]
[SourceVersionDate "2017.10.13"]
[SourceQuality "1"]

1. d4 d5 2. Bf4 Nc6 3. e3 a6 4. c4 e6 5. Nc3 Bb4 6. a3 Bxc3+ 7. bxc3 Nf6 8. Nf3 0-0 9. Ne5 Nxe5 10. Bxe5 Nd7 11. Bg3 c6 12. Bd6 Re8 13. c5 Nf6 14. Bd3 b6 15. 0-0 b5 16. a4 Bd7 17. axb5 axb5 18. Qc2 g6 19. Ra2 Rxa2 20. Qxa2 Qa8 21. Ra1 Qxa2 22. Rxa2 Kg7 23. Be5 Rc8 24. h3 Rd8 25. g4 g5 26. f4 h6 27. fxg5 hxg5 28. e4 Rh8 29. Kg2 Rh6 30. exd5 exd5 31. Ra7 Be8 32. Re7 Kf8 33. Rc7 Nd7 34. Bd6+ Kg8 35. Bf5 Nf6 36. Be5 Kf8 37. Rc8 Ng8 38. Bd7 Re6 39. Bxe6 fxe6 40. Bd6+ Kf7 41. Rc7+ Kg6 42. Be5 Nf6 43. Re7 Bf7 44. Rc7 Ne4 45. Rxc6 Nxc3 46. Ra6 Nd1 47. c6 Be8 48. c7 Bd7 49. Ra8 b4 50. Rd8 b3 51. Rxd7 b2 52. c8Q Ne3+ 53. Kf3 1-0

[Event "Berlin-ch Seniors op 31st"]
[Site "Berlin"]
[Date "2015.02.02"]
[Round "4"]
[White "Mackowiak, Manfred"]
[Black "Prix, Siegfried"]
[Result "0-1"]
[WhiteElo "1392"]
[BlackElo "1652"]
[PlyCount "82"]
[EventDate "2015.01.29"]
[EventType "swiss"]
[EventRounds "9"]
[EventCountry "GER"]
[SourceTitle "EXT 2018"]
[Source "ChessBase"]
[SourceDate "2017.10.13"]
[SourceVersion "1"]
[SourceVersionDate "2017.10.13"]
[SourceQuality "1"]

1. c4 e5 2. e4 Nf6 3. d3 Nc6 4. Nf3 Bb4+ 5. Bd2 Qe7 6. a3 Bxd2+ 7. Nbxd2 a5 8. g3 0-0 9. Bg2 d6 10. 0-0 h6 11. h3 Be6 12. b3 Nd7 13. Kh2 Nc5 14. Ne1 f5 15. f3 Nd4 16. Rb1 c6 17. a4 b5 18. b4 Nxa4 19. Qc1 Ne2 20. Qc2 Qg5 21. g4 Qf4+ 22. Kh1 Ng3+ 23. Kg1 Nxf1 24. Nxf1 fxg4 25. cxb5 gxf3 26. Nxf3 cxb5 27. Qd2 Qxd2 28. N3xd2 Nc3 29. Rb2 Ne2+ 30. Kh2 a4 31. Nf3 Nf4 32. Ne1 Rfc8 33. Ne3 Rc3 34. Nf3 a3 35. Rd2 a2 36. Nc2 Rxc2 37. Rxc2 a1Q 38. Rd2 Qc3 39. d4 Nxg2 40. Rxg2 Qxf3 41. d5 Bxh3 0-1

[Event "Berlin-ch Seniors op 30th"]
[Site "Berlin"]
[Date "2014.01.30"]
[Round "1"]
[White "Mueller, Johannes"]
[Black "Mackowiak, Manfred"]
[Result "1-0"]
[WhiteElo "1694"]
[BlackElo "1274"]
[PlyCount "113"]
[EventDate "2014.01.30"]
[EventType "swiss"]
[EventRounds "9"]
[EventCountry "GER"]
[SourceTitle "EXT 2018"]
[Source "ChessBase"]
[SourceDate "2017.10.13"]
[SourceVersion "1"]
[SourceVersionDate "2017.10.13"]
[SourceQuality "1"]

1. e4 c5 2. Nc3 e5 3. g3 Nf6 4. Bg2 Be7 5. d3 h6 6. Nge2 d6 7. h3 Nc6 8. 0-0 a6 9. a4 0-0 10. f4 Nh7 11. f5 f6 12. Nd5 Bd7 13. Bd2 Rb8 14. a5 Qe8 15. g4 Bd8 16. b3 Bc8 17. h4 g5 18. Kf2 b6 19. axb6 Bxb6 20. Rh1 Kg7 21. Ng3 Ne7 22. hxg5 fxg5 23. c4 Nxd5 24. exd5 Nf6 25. Nh5+ Nxh5 26. Rxh5 Bd8 27. Kg3 Bf6 28. Be4 Qd7 29. Qe2 Rxb3 30. Rah1 Rh8 31. Qh2 Kg8 32. Bxg5 Qg7 33. Bxh6 Qf7 34. Be3 Rxh5 35. Qxh5 Rb7 36. Qxf7+ Kxf7 37. g5 Bxg5 38. Bxg5 Kg8 39. Rh6 a5 40. Rxd6 a4 41. Rd8+ Kf7 42. Rxc8 Ra7 43. Bc1 a3 44. Bxa3 Rxa3 45. Rxc5 Ra6 46. Rc6 Ra7 47. d6 Kg8 48. Bd5+ Kf8 49. Be6 Rg7+ 50. Kf3 e4+ 51. Kxe4 Rg4+ 52. Ke5 Kg7 53. f6+ Kg6 54. Bxg4 Kg5 55. Bf5 Kh6 56. Kf4 Kh5 57. Rc8 1-0